000 00272nam a22001217a 4500
008 171220b xxu||||| |||| 00| 0 eng d
041 _aeng
080 _a616.12-008-073
100 _a7
101 _aSHM
245 _aNON INVASIVE VASCULAR
_cFLAMM.S.D
942 _2udc
_cBK
999 _c39244
_d39244